000 00410nam a2200145Ia 4500
008 231129s2008||||xx |||||||||||||| ||spa||
020 _a978-958-44-3705-1
040 _bspa
082 _a347.077 Y95p
100 _aYunis Turbay Emilio José
245 0 _aEl poder autoritario de los jueces: historia de una tutela
260 _c2008
264 _aBruna
942 _2ddc
_cBKS
999 _c12099
_d12099